000 00890nam a2200217 i 4500
001 12501
003 ES-MaACL
005 20230906150328.0
008 921110s1989 sp ||||0| spa d
020 _a84-7232-467-2
080 _a869.0(81) Amado, Jorge.09
111 2 _aSemana de Autor sobre Jorge Amado (
_d1987.
_cMadrid)
_9980
245 1 0 _aJorge Amado
_b: la Semana de Autor sobre Jorge Amado tuvo lugar en Madrid, entre los días 23 al 26 de marzo de 1987, en el Instituto de Cooperación Iberoamericana /
_cedición coordinada por Fernando R. Lafuente.
260 _aMadrid :
_bCultura Hispánica,
_c1989.
300 _a104 p ;
_c24 cm.
500 _aBibliografía.
600 1 4 _aAmado, Jorge-
_xCrítica e interpretación.
_921080
700 1 _aRodríguez Lafuente, Fernando.
_998596
710 2 _aInstituto de Cooperación Iberoamericana.
_94848
852 _aES-MaACL
_jL-19705
999 _c12501
_d12501